| 000 | 00577nam a2200169 i 4500 | ||
|---|---|---|---|
| 001 | 182792 | ||
| 003 | ES-MaACL | ||
| 005 | 20230906221718.0 | ||
| 008 | 131104s1964 sp |||| | spa d | ||
| 100 | 1 |
_aRull Sabater, Alberto. _9100979 |
|
| 245 | 1 | 3 |
_aLa población activa _b: su evolución en el pasado y previsiones / _cpor Alberto Rull Sabater. |
| 260 |
_aMadrid : _bRevista de Trabajo, _c1964. |
||
| 300 |
_aP-33-52 ; _c24 cm. |
||
| 595 | _aPublicado en la Revista de Trabajo, nº 6, Madrid 1964. | ||
| 650 | 4 |
_aPoblación activa. _9153773 |
|
| 852 |
_aES-MaACL _j2329-F-8 |
||
| 999 |
_c182792 _d182792 |
||